| 000 | 00454nam a2200133Ia 4500 | ||
|---|---|---|---|
| 008 | 171207s9999 xx 000 0 und d | ||
| 100 | _aAbdallah, Mahmoud M. | ||
| 245 | _aTowards improving content and instruction of the ‘TESOL/TEFL for Special Needs’ course: an action research study | ||
| 245 | _cMahmoud M. S. Abdallah | ||
| 260 | _c2017 | ||
| 300 | _apages 420-437, 2017 | ||
| 440 |
_aEducational Action Research _v25:3 |
||
| 650 | _aEDUCATION | ||
| 999 |
_c347680 _d347680 |
||